<The> challenges of market research in China

Odvetvie výskumu trhu v Číne. Primárny výskum. Dostupnosť sekundárnych údajov, kvalita a validita. Primárny výskum v kontexte rerionálnych disparít, urbanizácie a výzvy na kvalitu dát.

Guardado en:
Detalles Bibliográficos
Autor principal: Weick, Lena
Formato: Capítulo de libro
Lenguaje:inglés
Materias:
Etiquetas: Agregar Etiqueta
Sin Etiquetas, Sea el primero en etiquetar este registro!

MARC

LEADER 00000naa$a2200000$$$4500
001 0114558
005 20220715120402.4
041 0 |a eng 
044 |a SK 
245 1 0 |a <The> challenges of market research in China  |c Lena Weick 
520 |a Odvetvie výskumu trhu v Číne. Primárny výskum. Dostupnosť sekundárnych údajov, kvalita a validita. Primárny výskum v kontexte rerionálnych disparít, urbanizácie a výzvy na kvalitu dát. 
610 2 0 |a trh 
610 2 0 |a výskum trhu 
610 2 0 |a dáta 
610 2 0 |a kvalita 
610 2 0 |a Čína 
100 1 |a Weick, Lena